It looks like you're offline.
Open Library logo
additional options menu

MARC record from Internet Archive

LEADER: 01181cam a2200301 a 4500
001 2010054459
003 DLC
005 20110707151953.0
008 110103s2011 nyu 000 1 eng
010 $a 2010054459
020 $a9780312673178 (hbk.)
020 $a0312673175 (hbk.)
035 $a(OCoLC)ocn681499586
040 $aDLC$cDLC$dIG#$dBTCTA$dYDXCP$dBUL$dIK2$dGO3$dABG$dZAG$dBWX$dDLC
050 00 $aPS3618.U54$bM56 2011
082 00 $a813/.6$222
100 1 $aRuiz, K. M.
245 10 $aMind storm /$cK.M. Ruiz.
250 $a1st ed.
260 $aNew York :$bThomas Dunne Books/St. Martin's Press,$c2011.
300 $a293 p. ;$c25 cm.
490 1 $aA Strykers syndicate novel
520 $aCenturies after an apocalyptic nuclear war, the world's survivors compete for dwindling resources as the wealthy secretly plan to depart for another planet, while soldier-slave Threnody Corwin uses her super-powers to rise against a syndicate that is murdering her fellow psions.
650 0 $aEnd of the world$vFiction.
650 0 $aPsychic ability$vFiction.
655 7 $aScience fiction.$2gsafd
655 7 $aDystopias.$2gsafd
800 1 $aRuiz, K. M.$tStrykers syndicate novel.